1109 1803 1674 1202 1602 1876 1027 1725 1048 1277 1166 1887 1126 1531 1597 1077 1230 1080 1740 1114 1418 1893 1440 1515 1358 1356 1758 1750 1480 1177 1132 1783 1134 1266 1146 1216 1370 1010 1728 1299 1317 1611 1898 1959 1642 1454 1390 1136 1100 1400 1783 1811 1727 1965 1346 1540 1919 1738 1511 1193 1833 1927 1884 1748 1465 1229 1765 1401 1861 1945 1628 1869 1635 1362 1303 1299 1202 1359 1287 1068 1255 2000 1337 1511 1766 1403 1941 1941 1880 1722 1858 1319 1246 1144 1785 1286 1510 1059 1688 BCNSPRNW ULIB Ver.6.0+V

เปลี่ยนเป็นภาษาไทย

Change to English
 แสดงรายละเอียดบรรณานุกรม
  กลับหน้าหลัก

Brief Record : Get Marc (ISO 2709) : E-mail record : QR code < ปิดหน้าต่าง
LEADER : 00000nam 2200000uu 4500
001    13399122107
003     ULIB
008    121226s2555||||th 000 0 tha d
060 04 ^aWA541.JT3^bผ932
110    ^a สำนักนโนบายและยุทธศาสตร์ สำนักงานปลัดกระทรวงสาธารณสุข
245 00 ^aแผนพัฒนาสุขภาพแห่งชาติ ในช่วงแผนพัฒนาเศรษฐกิจและสังคมแห่งชาติ ฉบับที่ 11 (พ.ศ.2555 - 2559) /^c[คณะกรรมการอำนวยการจัดทำแผนพัฒนาสุขภาพแห่งชาติ ]
260    ^a[นนทบุรี] :^bโรงพิมพ์องค์การสงเคราะห์ทหารผ่านศึก ในพระบรมราชูปถัมภ์,^c2555
650  4 ^aนโยบายด้านสุขภาพ
650  4 ^aแผนพัฒนาสุขภาพแห่งชาติ
710 2  ^aสำนักนโนบายและยุทธศาสตร์ สำนักงานปลัดกระทรวงสาธารณสุขกระทรวงสาธารณสุข.
710    ^a คณะกรรมการอำนวยการจัดทำแผนพัฒนาสุขภาพแห่งชาติฉบับที่ 11 พ.ศ.2555 - 2559 กระทรวงสาธารณสุข
856    ^zแผนพัฒนาสุขภาพแห่งชาติ ฉบับที่ 11.pdf (Fulltext)^uhttp://ulibm.bcnsprnw.ac.th/ULIB6//_fulltext/fulltext/13399122107/20121226141111_1414.pdf
945    ^p0^l0^i033345
945    ^p0^l0^i033346
945    ^p0^l0^i033347
945    ^p0^l0^i033348
945    ^p0^l0^i033349
945    ^p0^l0^i033350
945    ^p0^l0^i033351
995    ^aเกษร
999    ^aใช้งานได้ทุกระบบ
รายการนี้ยังไม่มีแท็ก
คุณยังไม่ได้ล็อกอิน คุณสามารถมีกิจกรรมร่วมกับเว็บไซต์ได้ แต่ต้องล็อกอินก่อน ::
  ล็อกอิน

รายการสื่อสารสนเทศ

ลำดับที่ ประเภท เลขเรียก/บาร์โค้ด สถานที่ สถานะ
1. วิทยาศาสตร์การแพทย์ และสุขภาพ
หนังสือสำรอง
สถานะ=หนังสือสำรอง
WA541.JT3 ผ932 ฉ.1 
  Barcode: 033345
ห้องสมุดวิทยาเขตสวรรค์ประชารักษ์
►ส่วนจัดเก็บหนังสือเก่า สปร
บนชั้น
  ขอยืม
2. วิทยาศาสตร์การแพทย์ และสุขภาพ
วิทยาศาสตร์การแพทย์ และสุขภาพ
WA541.JT3 ผ932 ฉ.2 
  Barcode: 033346
ห้องสมุดวิทยาเขตสวรรค์ประชารักษ์
►ส่วนจัดเก็บหนังสือเก่า สปร
บนชั้น
  ขอยืม
3. วิทยาศาสตร์การแพทย์ และสุขภาพ
วิทยาศาสตร์การแพทย์ และสุขภาพ
WA541.JT3 ผ932 ฉ.3 
  Barcode: 033347
ห้องสมุดวิทยาเขตสวรรค์ประชารักษ์
►ส่วนจัดเก็บหนังสือเก่า สปร
บนชั้น
  ขอยืม
4. วิทยาศาสตร์การแพทย์ และสุขภาพ
วิทยาศาสตร์การแพทย์ และสุขภาพ
WA541.JT3 ผ932 ฉ.4 
  Barcode: 033348
ห้องสมุดวิทยาเขตสวรรค์ประชารักษ์
►ส่วนจัดเก็บหนังสือเก่า สปร
บนชั้น
  ขอยืม
5. วิทยาศาสตร์การแพทย์ และสุขภาพ
วิทยาศาสตร์การแพทย์ และสุขภาพ
WA541.JT3 ผ932 ฉ.5 
  Barcode: 033349
ห้องสมุดวิทยาเขตสวรรค์ประชารักษ์
►ส่วนจัดเก็บหนังสือเก่า สปร
บนชั้น
  ขอยืม
6. วิทยาศาสตร์การแพทย์ และสุขภาพ
วิทยาศาสตร์การแพทย์ และสุขภาพ
WA541.JT3 ผ932 ฉ.6 
  Barcode: 033350
ห้องสมุดวิทยาเขตสวรรค์ประชารักษ์
►ส่วนจัดเก็บหนังสือเก่า สปร
บนชั้น
  ขอยืม
7. วิทยาศาสตร์การแพทย์ และสุขภาพ
วิทยาศาสตร์การแพทย์ และสุขภาพ
WA541.JT3 ผ932 ฉ.7 
  Barcode: 033351
ห้องสมุดวิทยาเขตสวรรค์ประชารักษ์
►ส่วนจัดเก็บหนังสือเก่า สปร
บนชั้น
  ขอยืม

รายการใกล้เคียง
    หัวเรื่อง [นโยบายด้านสุขภาพ]
    หัวเรื่อง [แผนพัฒนาสุขภาพแห่งชาติ]

BibComment


ยังไม่เคยถูกคอมเมนท์

คอมเมนท์ทรัพยากรรายการนี้
  คอมเมนท์: แผนพัฒนาสุขภาพแห..


 Copyright 2026. Bcnsprnw @Library